| 000 | 00439nam a2200157Ia 4500 | ||
|---|---|---|---|
| 020 | _a0697251918 | ||
| 040 | _cBSC | ||
| 082 | _a570 BRO 1997 A082 Or. | ||
| 100 | 1 | _aMader, Sylvia S. | |
| 245 | 1 | 0 | _aInquiry into life. |
| 260 |
_aDubuque, Iowa : _bW.C. Brown, _cc1997. |
||
| 300 |
_aviii, 215 p. : _bchiefly ill. ; _c28 cm. |
||
| 500 | _a"To accompany Inquiry into life, 8/E by Sylvia S. Mader"--P. v. | ||
| 650 | 0 | _aBiology | |
| 942 | _cEK | ||
| 999 |
_c15918 _d15918 |
||